5HLuxD.jpg

KING HENRY VIII SENIOR AND PRIMARY SCHOOL LIBRARY OPAC

Four (Record no. 1063)

000 -LEADER
fixed length control field 01611nam a2200445 i 4500
001 - CONTROL NUMBER
control field 020389474
003 - CONTROL NUMBER IDENTIFIER
control field UkOxU
005 - DATE AND TIME OF LATEST TRANSACTION
control field 20200914165952.0
008 - FIXED-LENGTH DATA ELEMENTS--GENERAL INFORMATION
fixed length control field 150728t20152014enk 000 1 eng d
020 ## - INTERNATIONAL STANDARD BOOK NUMBER
International Standard Book Number 9780007591374
Qualifying information set
020 ## - INTERNATIONAL STANDARD BOOK NUMBER
International Standard Book Number 9780007536726
Qualifying information Divergent
020 ## - INTERNATIONAL STANDARD BOOK NUMBER
International Standard Book Number 9780007536740
Qualifying information Insurgent
020 ## - INTERNATIONAL STANDARD BOOK NUMBER
International Standard Book Number 9780007538027
Qualifying information Allegiant
020 ## - INTERNATIONAL STANDARD BOOK NUMBER
International Standard Book Number 9780007584642
Qualifying information Four
020 ## - INTERNATIONAL STANDARD BOOK NUMBER
International Standard Book Number 9780007591374
Qualifying information World of divergent
040 ## - CATALOGING SOURCE
Original cataloging agency UkOxU
Language of cataloging eng
Description conventions rda
Transcribing agency UkOxU
082 ## - DEWEY DECIMAL CLASSIFICATION NUMBER
Classification number FIC ROT
100 1# - MAIN ENTRY--PERSONAL NAME
Personal name Roth, Veronica,
Relator term author.
240 10 - UNIFORM TITLE
Uniform title Works.
Form subheading Selections
245 14 - TITLE STATEMENT
Title Four
Remainder of title The Divergent series /
Statement of responsibility, etc. Veronica Roth.
264 #1 - PRODUCTION, PUBLICATION, DISTRIBUTION, MANUFACTURE, AND COPYRIGHT NOTICE
Place of production, publication, distribution, manufacture London :
Name of producer, publisher, distributor, manufacturer HarperCollins,
Date of production, publication, distribution, manufacture, or copyright notice 2015.
264 #4 - PRODUCTION, PUBLICATION, DISTRIBUTION, MANUFACTURE, AND COPYRIGHT NOTICE
Date of production, publication, distribution, manufacture, or copyright notice ©2014
300 ## - PHYSICAL DESCRIPTION
Extent 5 volumes ;
Dimensions 20 cm
336 ## - CONTENT TYPE
Content type term text
Source rdacontent
337 ## - MEDIA TYPE
Media type term unmediated
Source rdamedia
338 ## - CARRIER TYPE
Carrier type term volume
Source rdacarrier
500 ## - GENERAL NOTE
General note In case.
500 ## - GENERAL NOTE
General note Title from case.
500 ## - GENERAL NOTE
General note Volumes also issued separately.
500 ## - GENERAL NOTE
General note Divergent originally published: 2011. Insurgent originally published: 2012. Allegiant originally published: 2013. Four : a divergent collection originally published: 2014. World of divergent originally published: 2014.
505 0# - FORMATTED CONTENTS NOTE
Formatted contents note Divergent -- Insurgent -- Allegiant -- Four : a divergent collection -- World of divergent.
650 #0 - SUBJECT ADDED ENTRY--TOPICAL TERM
Topical term or geographic name entry element Dystopias
Form subdivision Fiction.
650 #0 - SUBJECT ADDED ENTRY--TOPICAL TERM
Topical term or geographic name entry element Young adult fiction, American.
700 12 - ADDED ENTRY--PERSONAL NAME
Personal name Roth, Veronica.
Title of a work Divergent.
700 12 - ADDED ENTRY--PERSONAL NAME
Personal name Roth, Veronica.
Title of a work Insurgent.
700 12 - ADDED ENTRY--PERSONAL NAME
Personal name Roth, Veronica.
Title of a work Allegiant.
700 12 - ADDED ENTRY--PERSONAL NAME
Personal name Roth, Veronica.
Title of a work Four.
700 12 - ADDED ENTRY--PERSONAL NAME
Personal name Roth, Veronica.
Title of a work World of divergent.
942 ## - ADDED ENTRY ELEMENTS (KOHA)
Source of classification or shelving scheme
Koha item type Books - Fiction
Holdings
Withdrawn status Lost status Source of classification or shelving scheme Damaged status Not for loan Collection code Permanent Location Current Location Shelving location Date acquired Total Checkouts Full call number Barcode Date last seen Date last checked out Price effective from Koha item type
          Fiction KH8 Senior School Library KH8 Senior School Library Fiction 2020-09-14 4 FIC ROT 3KHSL000101727 2025-12-12 2025-12-04 2020-09-14 Books - Fiction

Powered By KH8 IT Dept